<Die> wirtschaftliche Lage Weissrusslands Systemtransformation durch Annäherung an Russland?

Gespeichert in:
Bibliographische Detailangaben
Format: Buch
Sprache:Deutsch
Veröffentlicht: Kiel Institut für Weltwirtschaft 1993
Ausgabe:1. Aufl.
Schriftenreihe:Kieler Diskussionsbeiträge 222
Schlagworte:
Tags: Tag hinzufügen
Keine Tags, Fügen Sie das erste Tag hinzu!

MARC

LEADER 00000nam a2200000 4500
001 c005305
005 20250512095510.0
020 |a 3-89456-063-0 
041 0 |a ger 
044 |a DE 
245 1 0 |a <Die> wirtschaftliche Lage Weissrusslands  |b Systemtransformation durch Annäherung an Russland? 
250 |a 1. Aufl. 
264 1 |a Kiel  |b Institut für Weltwirtschaft  |c 1993 
300 |a 26 s. 
490 1 |a Kieler Diskussionsbeiträge  |v 222 
830 0 |a Kieler Diskussionsbeiträge  |v 222 
610 2 0 |a Bielorusko 
610 2 0 |a rozvoj hospodársky 
610 2 0 |a výroba 
610 2 0 |a investície 
610 2 0 |a ceny 
610 2 0 |a mzdy 
610 2 0 |a zamestnanosť 
610 2 0 |a rozpočet štátny 
610 2 0 |a politika peňažná 
610 2 0 |a politika menová 
610 2 0 |a bilancia platobná 
610 2 0 |a politika zahraničnoobchodná 
610 2 0 |a reformy hospodárske 
610 2 0 |a privatizácia 
610 2 0 |a rubeľ 
610 2 0 |a zóny 
610 2 0 |a údaje štatistické